[Event "Hastings Masters 2011-12"]
[Site "Hastings ENG"]
[Date "2011.12.29"]
[Round "2.12"]
[White "Vovk, Yuri"]
[Black "Olsarova, Karolina"]
[Result "1-0"]
[WhiteElo "2571"]
[BlackElo "2167"]
[PlyCount "95"]
[EventDate "2011.12.28"]

1. d4 d5 2. c4 c6 3. Nf3 Nf6 4. Nc3 dxc4 5. a4 Bf5 6. Nh4 e6 7. Nxf5 exf5 8. e3
Bb4 9. Bxc4 O-O 10. O-O Qe7 11. Qc2 g6 12. f3 c5 13. Kh1 f4 14. Ne4 Nbd7 15.
dxc5 Nxc5 16. Nxf6+ Qxf6 17. exf4 Rac8 18. Be3 Rfe8 19. Qf2 Ne6 20. Bb5 Red8
21. Rfd1 Rxd1+ 22. Rxd1 a6 23. Bd7 Rc7 24. g3 Bc5 25. Bxe6 Bxe3 26. Bxf7+ Rxf7
27. Qxe3 Qxb2 28. f5 Qf6 29. Qf4 Re7 30. fxg6 hxg6 31. Qc4+ Kg7 32. Kg2 Kh7 33.
Rd2 Qg5 34. Qc3 b5 35. h4 Qf5 36. axb5 Qxb5 37. Qb2 Qc4 38. Qa2 Qb5 39. Rb2 Qd3
40. Rd2 Qb5 41. Rb2 Qd3 42. g4 Qc3 43. Rb8 Qc7 44. Qg8+ Kh6 45. Qh8+ Rh7 46.
g5+ Kh5 47. Qd4 Qc2+ 48. Kh3 1-0

[Event "Hastings Masters 2011-12"]
[Site "Hastings ENG"]
[Date "2011.12.29"]
[Round "2.13"]
[White "Lock, Gavin R"]
[Black "Pert, Nicholas"]
[Result "0-1"]
[WhiteElo "2157"]
[BlackElo "2563"]
[PlyCount "100"]
[EventDate "2011.12.28"]

1. d4 d5 2. Nf3 Nf6 3. c4 c6 4. Nc3 dxc4 5. a4 Bf5 6. Ne5 Na6 7. f3 Nd7 8. Nxd7
Bxd7 9. e4 e5 10. dxe5 Be6 11. Qxd8+ Rxd8 12. Bg5 Rd7 13. Rd1 Bb4 14. Be2 Nc5
15. Rxd7 Nxd7 16. Bf4 h6 17. h4 Ke7 18. Kd2 Ba5 19. Bg3 Rd8 20. Kc2 g5 21. hxg5
hxg5 22. Rh5 Nc5 23. Bf2 Nb3 24. Be3 Nd4+ 25. Bxd4 Rxd4 26. Rxg5 b5 27. axb5
cxb5 28. f4 Bxc3 29. bxc3 Rxe4 30. Bf3 Rxf4 31. Rg8 Rf5 32. Ra8 Rxe5 33. Rxa7+
Kf6 34. Ra6 Kg5 35. Rb6 Bd5 36. Kd2 Bxf3 37. gxf3 f5 38. Rb8 Kf4 39. Rh8 Kxf3
40. Rh3+ Kg2 41. Rh5 Kf3 42. Rh3+ Kg4 43. Rh7 Kf3 44. Rf7 Kg4 45. Rh7 f4 46.
Rg7+ Kf3 47. Rf7 Rd5+ 48. Kc2 Ke3 49. Re7+ Kf2 50. Rh7 f3 0-1

[Event "Hastings Masters 2011-12"]
[Site "Hastings ENG"]
[Date "2011.12.29"]
[Round "2.14"]
[White "Shyam, Nikil P"]
[Black "Green, Andrew D"]
[Result "1-0"]
[WhiteElo "2482"]
[BlackElo "2145"]
[PlyCount "81"]
[EventDate "2011.12.28"]

1. e4 c5 2. Nc3 a6 3. Nf3 d6 4. d4 cxd4 5. Nxd4 g6 6. Bg5 Bg7 7. Qd2 Nc6 8.
Nxc6 bxc6 9. Bc4 Rb8 10. Bb3 Qc7 11. O-O Nf6 12. f4 O-O 13. f5 Ng4 14. h3 Ne5
15. Rad1 gxf5 16. exf5 d5 17. Kh1 f6 18. Be3 e6 19. Ne2 exf5 20. Nd4 a5 21. a4
Rd8 22. Qc3 Bf8 23. Nxf5 Bb4 24. Qd4 Bxf5 25. Rxf5 Qg7 26. Qh4 Be7 27. Bd2 Ra8
28. Bc3 Kh8 29. Qf2 Nd7 30. Re1 Bc5 31. Qf4 Re8 32. Rxe8+ Rxe8 33. Bxa5 Re4 34.
Qf1 Bd6 35. Rf3 Ne5 36. Rxf6 Bc5 37. Bc3 d4 38. Bd2 Ng4 39. hxg4 Rxg4 40. Qf5
Rh4+ 41. Kg1 1-0

[Event "Hastings Masters 2011-12"]
[Site "Hastings ENG"]
[Date "2011.12.29"]
[Round "2.15"]
[White "Martinsen, Stig K"]
[Black "Flear, Glenn C"]
[Result "1/2-1/2"]
[WhiteElo "2145"]
[BlackElo "2472"]
[PlyCount "104"]
[EventDate "2011.12.28"]

1. c4 e6 2. Nc3 d5 3. b3 Be7 4. Bb2 Bf6 5. Nf3 dxc4 6. bxc4 c5 7. g3 Nc6 8. Bg2
Nge7 9. O-O O-O 10. Rb1 b6 11. d3 Rb8 12. Qd2 Nf5 13. Ne4 Bxb2 14. Qxb2 Bb7 15.
Rfd1 Qe7 16. Ne5 Nxe5 17. Qxe5 Nd4 18. Rb2 Rbd8 19. Nc3 Bxg2 20. Kxg2 Rd7 21.
Nb5 Nc6 22. Qe4 Rc8 23. Qf4 g5 24. Qf3 Ne5 25. Qe4 Qf6 26. Rb3 Nc6 27. Rf1 Qg6
28. Qxg6+ hxg6 29. Rh1 f5 30. h4 g4 31. Rb2 Kg7 32. Nc3 Kf6 33. Nb5 Rh8 34. a3
Rdh7 35. Rbb1 e5 36. Nc3 f4 37. f3 gxf3+ 38. exf3 fxg3 39. Kxg3 Nd4 40. Ne4+
Ke7 41. a4 Nf5+ 42. Kf2 Rxh4 43. Rxh4 Rxh4 44. a5 Rh2+ 45. Kg1 Ra2 46. axb6
axb6 47. Rxb6 Nh4 48. Rb7+ Kf8 49. Rb8+ Kg7 50. Rb7+ Kf8 51. Rb8+ Kg7 52. Rb7+
Kf8 1/2-1/2

[Event "Hastings Masters 2011-12"]
[Site "Hastings ENG"]
[Date "2011.12.29"]
[Round "2.17"]
[White "Lasinskas, Povilas"]
[Black "Shyam, Sundar M"]
[Result "0-1"]
[WhiteElo "2122"]
[BlackElo "2462"]
[PlyCount "99"]
[EventDate "2011.12.28"]

1. d4 d5 2. Nf3 Nf6 3. c4 e6 4. Bg5 c6 5. Nc3 h6 6. Bh4 dxc4 7. e4 g5 8. Bg3 b5
9. Be2 Bb7 10. O-O Nbd7 11. Ne5 Bg7 12. f4 O-O 13. fxg5 hxg5 14. Qc2 Nh7 15.
Rad1 Nxe5 16. dxe5 Qb6+ 17. Kh1 Qc5 18. Rd7 Bc8 19. Bf2 Qxe5 20. Bg3 Qxg3 21.
hxg3 Bxd7 22. Qd2 Rad8 23. Qd6 Bc8 24. Qxc6 a6 25. Qc5 Bd4 26. Qb4 Kg7 27. g4
Nf6 28. g3 Bb7 29. Bf3 Nd7 30. Ne2 Bf6 31. Nf4 gxf4 32. gxf4 Rfe8 33. a4 Bd4
34. axb5 Nc5 35. e5 Nd3 36. Qxc4 Bxf3+ 37. Rxf3 Rh8+ 38. Kg2 Ne1+ 39. Kg3 Nxf3
40. Kxf3 axb5 41. Qxb5 Rh3+ 42. Kg2 Rdh8 43. f5 Rh2+ 44. Kf3 R8h3+ 45. Ke4 Rd2
46. Qb4 Re3+ 47. Kf4 Rf2+ 48. Kg5 f6+ 49. exf6+ Bxf6+ 50. Kh5 0-1

[Event "Hastings Masters 2011-12"]
[Site "Hastings ENG"]
[Date "2011.12.29"]
[Round "2.18"]
[White "Padmini, Rout"]
[Black "Almond, Richard J"]
[Result "1/2-1/2"]
[WhiteElo "2392"]
[BlackElo "2115"]
[PlyCount "50"]
[EventDate "2011.12.28"]

1. e4 d5 2. exd5 Qxd5 3. Nc3 Qa5 4. d4 c6 5. Bc4 Bf5 6. Bd2 e6 7. g4 Bg6 8. Nf3
Nd7 9. Qe2 Bb4 10. O-O-O O-O-O 11. Kb1 Ngf6 12. Ne5 Nxe5 13. dxe5 Nd5 14. Nxd5
exd5 15. Bxb4 Qxb4 16. Bd3 Kb8 17. c3 Qa5 18. Rhe1 d4 19. Ka1 Qc5 20. f4 Bxd3
21. Qxd3 h5 22. g5 g6 23. Re2 Rhe8 24. Rc2 a5 25. a4 Qd5 1/2-1/2

[Event "Hastings Masters 2011-12"]
[Site "Hastings ENG"]
[Date "2011.12.29"]
[Round "2.20"]
[White "McKenna, Jason P"]
[Black "Roy Chowdhury, Saptarshi"]
[Result "1/2-1/2"]
[WhiteElo "2110"]
[BlackElo "2411"]
[PlyCount "130"]
[EventDate "2011.12.28"]

1. e4 c5 2. Nf3 Nc6 3. d4 cxd4 4. Nxd4 e5 5. Nb5 d6 6. c4 Be7 7. N1c3 a6 8. Na3
f5 9. exf5 Bxf5 10. Bd3 Be6 11. O-O Nf6 12. Bg5 O-O 13. Nc2 Ng4 14. Bxe7 Qxe7
15. h3 Nh6 16. Nd5 Qg5 17. Qc1 Qd8 18. Be4 Nf5 19. Nde3 Nfd4 20. Nxd4 Nxd4 21.
Qd1 Rf7 22. Qd3 g6 23. Nc2 Nf5 24. Rad1 Qb6 25. b3 Rd8 26. Ne3 Kg7 27. Nxf5+
gxf5 28. Bd5 Re8 29. Qe3 Qc7 30. f4 e4 31. Bxe6 Rxe6 32. Rd5 Rg6 33. Rfd1 Kh6
34. Qd2 Qb6+ 35. Qd4 Qxd4+ 36. R5xd4 Rff6 37. Kf2 Re6 38. Re1 Kg7 39. Rd5 Rgf6
40. Ke3 h5 41. g4 hxg4 42. hxg4 fxg4 43. Rg1 Rh6 44. Rxg4+ Kf6 45. f5 Rh3+ 46.
Ke2 Re5 47. Rxd6+ Kxf5 48. Rgg6 Re7 49. Rh6 Rxh6 50. Rxh6 Rd7 51. Rh5+ Kf4 52.
Rh8 Ke5 53. Re8+ Kd4 54. Kd2 a5 55. Re6 a4 56. bxa4 Rc7 57. Rd6+ Ke5 58. Rb6
Rd7+ 59. Ke3 Rd3+ 60. Ke2 Ra3 61. Rxb7 Rxa2+ 62. Ke3 Ra3+ 63. Ke2 Kd4 64. Rd7+
Kxc4 65. a5 Rxa5 1/2-1/2

[Event "Hastings Masters 2011-12"]
[Site "Hastings ENG"]
[Date "2011.12.29"]
[Round "2.21"]
[White "Pon, NKrithika"]
[Black "Knott, Simon J B"]
[Result "0-1"]
[WhiteElo "2091"]
[BlackElo "2332"]
[PlyCount "90"]
[EventDate "2011.12.28"]

1. e4 e6 2. d4 d5 3. Nc3 Bb4 4. e5 c5 5. a3 Bxc3+ 6. bxc3 Ne7 7. Qg4 O-O 8. Bd3
Nbc6 9. Bg5 Qa5 10. Ne2 cxd4 11. O-O Nxe5 12. Bxh7+ Kxh7 13. Qh5+ Kg8 14. Bxe7
Re8 15. Bd6 Nc4 16. Bb4 Qa4 17. cxd4 a5 18. Bc3 Qxc2 19. f4 Qf5 20. Qf3 Qe4 21.
Qxe4 dxe4 22. Rfc1 Bd7 23. Be1 Rec8 24. Nc3 f5 25. a4 Bc6 26. Rab1 b6 27. Ra1
Rab8 28. Rc2 Bd5 29. Nb5 Ne3 30. Rc3 Rxc3 31. Bxc3 Bc4 32. Nd6 Bd3 33. Bd2 Nd5
34. Rc1 Rd8 35. Nb7 Rb8 36. Nd6 Ba6 37. Kf2 Kf8 38. Rc6 Ke7 39. Nc4 Bxc4 40.
Rxc4 Kd7 41. g3 Rc8 42. Rxc8 Kxc8 43. Ke2 Kb7 44. Kd1 b5 45. axb5 Kb6 0-1

[Event "Hastings Masters 2011-12"]
[Site "Hastings ENG"]
[Date "2011.12.29"]
[Round "2.22"]
[White "Griffiths, Ryan Rhys"]
[Black "De Andres Gonalons, Fernando"]
[Result "1-0"]
[WhiteElo "2310"]
[BlackElo "2091"]
[PlyCount "53"]
[EventDate "2011.12.28"]

1. e4 e6 2. d3 d5 3. Qe2 Nf6 4. Nf3 Be7 5. g3 O-O 6. Bg2 c5 7. O-O Nc6 8. e5
Nd7 9. c4 dxc4 10. dxc4 Qc7 11. Bf4 Rd8 12. Rd1 Nf8 13. Nc3 Ng6 14. Nb5 Qb6 15.
Rxd8+ Bxd8 16. Rd1 Be7 17. Bg5 a6 18. Nd6 Nd4 19. Nxd4 cxd4 20. Bxe7 Nxe7 21.
Qd2 Nf5 22. Nxf5 exf5 23. Qxd4 Qxd4 24. Rxd4 Kf8 25. Rd6 Ke7 26. Rb6 Rb8 27.
Bd5 1-0

[Event "Hastings Masters 2011-12"]
[Site "Hastings ENG"]
[Date "2011.12.29"]
[Round "2.23"]
[White "Stewart, Neil"]
[Black "Roubaud, Alexandre"]
[Result "1/2-1/2"]
[WhiteElo "2299"]
[BlackElo "2086"]
[PlyCount "89"]
[EventDate "2011.12.28"]

1. c4 e5 2. g3 Nc6 3. Bg2 f5 4. Nc3 Nf6 5. e3 d6 6. Nge2 g6 7. O-O Bg7 8. b3
O-O 9. Bb2 Qe8 10. Nd5 Qf7 11. d3 Nd8 12. Qd2 c6 13. Nxf6+ Bxf6 14. Rac1 Ne6
15. f4 Qg7 16. d4 exd4 17. exd4 Nc7 18. Rfe1 Be6 19. Ba3 Qd7 20. d5 cxd5 21.
Nd4 Bf7 22. cxd5 Bxd4+ 23. Qxd4 Nb5 24. Qa4 a6 25. Bb2 Rac8 26. Qb4 Rfe8 27. a4
Rxc1 28. Bxc1 Nd4 29. Rxe8+ Qxe8 30. Bd2 Nc2 31. Qc3 Na3 32. Qd3 Qc8 33. Bb4
Qc1+ 34. Bf1 Nc2 35. Bd2 Qb2 36. Bg2 Qd4+ 37. Qxd4 Nxd4 38. Bb4 Nc2 39. Bxd6
Ne3 40. Bc5 Nxg2 41. d6 Nxf4 42. gxf4 Be8 43. a5 Kf7 44. Kf2 Ke6 45. Ke3
1/2-1/2

[Event "Hastings Masters 2011-12"]
[Site "Hastings ENG"]
[Date "2011.12.29"]
[Round "2.25"]
[White "Haydon, David L"]
[Black "Saranya, J."]
[Result "1/2-1/2"]
[WhiteElo "2296"]
[BlackElo "2069"]
[PlyCount "112"]
[EventDate "2011.12.28"]

1. d4 Nf6 2. c4 g6 3. Nc3 Bg7 4. e4 d6 5. Be2 O-O 6. Nf3 e5 7. Be3 Nc6 8. d5
Ne7 9. Nd2 Ne8 10. b4 f5 11. f3 a5 12. bxa5 c5 13. dxc6 Nxc6 14. Nb3 f4 15. Bb6
Qh4+ 16. Kf1 g5 17. c5 g4 18. cxd6 gxf3 19. Bxf3 Nf6 20. Nd5 Be6 21. Nxf6+ Bxf6
22. Kg1 Bd8 23. Bf2 Qh6 24. Nc5 Nxa5 25. Nxe6 Qxe6 26. Bg4 Qc4 27. Qe2 Qxe2 28.
Bxe2 Kh8 29. h3 Nb3 30. Rb1 Nd2 31. Rb2 Nxe4 32. Bf3 Ng3 33. Bxb7 Ra4 34. Kh2
Nxh1 35. Kxh1 e4 36. Bd5 e3 37. Be1 Bf6 38. Re2 Rd4 39. Bb3 Rc8 40. g3 Bg5 41.
gxf4 Bxf4 42. d7 Rc1 43. Kg2 Rxd7 44. Kf3 Bh6 45. Bg3 Rc5 46. Rg2 Rd8 47. Be1
Bg7 48. Bb4 Rb5 49. Rg4 Re8 50. Ke2 Rf5 51. Be1 h5 52. Rc4 Rg5 53. h4 Rf5 54.
Bc2 Rb5 55. Bb3 Rf5 56. Bc2 Rb5 1/2-1/2

[Event "Hastings Masters 2011-12"]
[Site "Hastings ENG"]
[Date "2011.12.29"]
[Round "2.26"]
[White "Drogou, Gerard"]
[Black "Eames, Robert S"]
[Result "0-1"]
[WhiteElo "2063"]
[BlackElo "2241"]
[PlyCount "110"]
[EventDate "2011.12.28"]

1. d4 Nf6 2. Nf3 c5 3. e3 g6 4. c4 Bg7 5. Nc3 O-O 6. Be2 d5 7. O-O cxd4 8. exd4
Nc6 9. Re1 dxc4 10. Bxc4 Bg4 11. d5 Na5 12. Bf1 Rc8 13. h3 Bf5 14. Bf4 Nc4 15.
Nd4 Nxb2 16. Qb3 Rxc3 17. Qxc3 Nxd5 18. Qxb2 Nxf4 19. Rad1 Bd3 20. Bxd3 Bxd4
21. Qd2 e5 22. Bf1 Qh4 23. Rb1 Qg3 24. Kh1 Bxf2 25. Re4 Nxh3 26. Rb3 Ng5 27.
Rc4 Be1 28. Rxg3 Bxd2 29. Rd3 Ba5 30. Rc5 Bb6 31. Rxe5 Ne6 32. Rd7 Rc8 33. Re1
Rc5 34. g3 Rc2 35. Rxb7 Ng5 36. Re2 Rc1 37. Kg2 h5 38. Re5 Rc2+ 39. Re2 Rc5 40.
Rbe7 Ne6 41. Rd2 Kg7 42. Be2 Ng5 43. Bd1 Kh6 44. Bb3 f5 45. Bd5 Ba5 46. Rd1
Rc2+ 47. Kf1 Bb6 48. Re2 Rc3 49. Rg2 Bc7 50. Kf2 Nh3+ 51. Kf1 Bxg3 52. Rgd2 Nf4
53. Bb3 h4 54. Rd7 Rf3+ 55. Kg1 Ne2+ 0-1

[Event "Hastings Masters 2011-12"]
[Site "Hastings ENG"]
[Date "2011.12.29"]
[Round "2.27"]
[White "Repplinger, Marc"]
[Black "Kurka, Dieter"]
[Result "1/2-1/2"]
[WhiteElo "2241"]
[BlackElo "2058"]
[PlyCount "54"]
[EventDate "2011.12.28"]

1. d4 Nf6 2. Nf3 e6 3. c4 d5 4. g3 dxc4 5. Bg2 Bb4+ 6. Bd2 a5 7. O-O O-O 8. Bg5
Be7 9. Qa4 Bd7 10. Qxc4 Bc6 11. Nc3 Ne4 12. Bxe7 Qxe7 13. Rfc1 Nxc3 14. Qxc3
Nd7 15. Ne1 Bxg2 16. Kxg2 c6 17. Nd3 Rfe8 18. Qb3 Rab8 19. Qc3 Ra8 20. Rd1 e5
21. dxe5 Nxe5 22. e3 Ng4 23. Qc4 Nf6 24. Rac1 h6 25. Nf4 Qe4+ 26. Qxe4 Rxe4 27.
Rc2 a4 1/2-1/2

[Event "Hastings Masters 2011-12"]
[Site "Hastings ENG"]
[Date "2011.12.29"]
[Round "2.28"]
[White "Luaces Rubio, Alfredo"]
[Black "Ledger, Dave J"]
[Result "1/2-1/2"]
[WhiteElo "2020"]
[BlackElo "2228"]
[PlyCount "147"]
[EventDate "2011.12.28"]

1. b3 e5 2. Bb2 Nc6 3. c4 Nf6 4. e3 d5 5. cxd5 Nxd5 6. a3 Bd6 7. d3 O-O 8. Nf3
f5 9. Nbd2 Kh8 10. Qc2 Qe7 11. Be2 Nf6 12. Nc4 Bd7 13. b4 a6 14. O-O Rae8 15.
e4 Ng4 16. Nxd6 cxd6 17. h3 Nh6 18. Rad1 Nd8 19. d4 fxe4 20. Qxe4 Bf5 21. Qe3
e4 22. Nh2 d5 23. Qg3 Rf6 24. Bc1 Qd7 25. Bg5 Rc6 26. Rc1 Ndf7 27. Rxc6 Qxc6
28. Rc1 Qg6 29. Bf4 Qxg3 30. fxg3 Rc8 31. Rxc8+ Bxc8 32. g4 Ng8 33. Nf1 Ne7 34.
Ne3 Bd7 35. Kf2 Kg8 36. Bd1 Bc6 37. Bb3 Kf8 38. Nf5 g6 39. Ne3 Ke8 40. g5 Kd7
41. Bd1 Bb5 42. Ng4 Ke6 43. Ne3 Kd7 44. Bg4+ Kc6 45. h4 Nd6 46. Be6 Bd3 47. g4
Nc4 48. a4 Nb2 49. a5 Bc4 50. Nf5 gxf5 51. gxf5 Nd3+ 52. Ke3 Nxf4 53. Kxf4 Kd6
54. h5 Bb5 55. g6 hxg6 56. h6 gxf5 57. Bf7 e3 58. Kxe3 f4+ 59. Kxf4 Bd3 60. Kg5
Bh7 61. Kf6 Nf5 62. Bg6 Bxg6 63. Kxg6 Nxh6 64. Kxh6 Kc6 65. Kg6 Kb5 66. Kf5
Kxb4 67. Ke6 Kxa5 68. Kxd5 b5 69. Kc5 b4 70. d5 b3 71. d6 b2 72. d7 b1=Q 73.
d8=Q+ Ka4 74. Qd4+ 1/2-1/2

[Event "Hastings Masters 2011-12"]
[Site "Hastings ENG"]
[Date "2011.12.29"]
[Round "2.29"]
[White "Britton, Richard L"]
[Black "Pickersgill, Adrian O"]
[Result "1/2-1/2"]
[WhiteElo "2219"]
[BlackElo "1990"]
[PlyCount "80"]
[EventDate "2011.12.28"]

1. c4 e5 2. Nc3 d6 3. g3 f5 4. Bg2 Nf6 5. e3 c6 6. Nge2 g6 7. O-O Bg7 8. d3 O-O
9. Qd2 Na6 10. Rb1 Nc7 11. b4 d5 12. cxd5 cxd5 13. b5 b6 14. d4 e4 15. a4 Ne6
16. Ba3 Rf7 17. f3 Rb8 18. fxe4 fxe4 19. h3 Rbb7 20. Kh2 Rbc7 21. Qa2 Ng5 22.
Rbc1 Qd7 23. Rxf6 Bxf6 24. Nxd5 Nf3+ 25. Kh1 Rxc1+ 26. Bxc1 Bd8 27. Nec3 Qe6
28. Qb1 Ng5 29. h4 Nh3 30. Nxe4 Qg4 31. Ndc3 Bf5 32. Qb3 Kg7 33. Nd6 Nf2+ 34.
Kh2 Be6 35. d5 Bxh4 36. gxh4 Qxh4+ 37. Kg1 Nh3+ 38. Kh2 Nf4+ 39. Kg1 Qe1+ 40.
Kh2 Qh4+ 1/2-1/2

[Event "Hastings Masters 2011-12"]
[Site "Hastings ENG"]
[Date "2011.12.29"]
[Round "2.30"]
[White "Murchadha, Oissine"]
[Black "Bremner, Adam"]
[Result "0-1"]
[WhiteElo "1846"]
[BlackElo "2195"]
[PlyCount "82"]
[EventDate "2011.12.28"]

1. e4 c5 2. Nf3 Nc6 3. d4 cxd4 4. Nxd4 Nf6 5. Nc3 g6 6. Be2 Bg7 7. Be3 O-O 8.
Nb3 a5 9. a4 d5 10. exd5 Nb4 11. Bf3 Bf5 12. Nd4 Qd7 13. O-O Rfd8 14. d6 exd6
15. Nxf5 Qxf5 16. Rc1 d5 17. Nb5 h5 18. h3 Nc6 19. Nd4 Qd7 20. b3 Ne5 21. Bf4
Nxf3+ 22. Nxf3 Ne4 23. c4 Nc3 24. Rxc3 Bxc3 25. Qc2 Bf6 26. cxd5 Rac8 27. Qb1
Qxd5 28. Be3 Rc3 29. Nd2 Bg7 30. Nc4 b5 31. axb5 Qxb5 32. Rd1 Rxd1+ 33. Qxd1
Rxb3 34. Qd8+ Kh7 35. Nd2 Rd3 36. Qc7 Rd7 37. Qc8 h4 38. Nf3 Rd1+ 39. Kh2 Be5+
40. Nxe5 Qxe5+ 41. f4 Qxe3 0-1

[Event "Hastings Masters 2011-12"]
[Site "Hastings ENG"]
[Date "2011.12.29"]
[Round "2.31"]
[White "Rolvag, Mikael"]
[Black "Maciol, Ryszard"]
[Result "1/2-1/2"]
[WhiteElo "2201"]
[BlackElo "2185"]
[PlyCount "35"]
[EventDate "2011.12.28"]

1. d4 e6 2. c4 Nf6 3. Nc3 Bb4 4. e3 O-O 5. Nge2 d5 6. cxd5 exd5 7. a3 Bd6 8. g3
c6 9. Bg2 Re8 10. Qc2 g6 11. f3 Bf8 12. O-O c5 13. dxc5 Bxc5 14. Nd4 Nc6 15.
Nce2 Qb6 16. Kh1 Bd7 17. Nxc6 Qxc6 18. Nd4 1/2-1/2

[Event "Hastings Masters 2011-12"]
[Site "Hastings ENG"]
[Date "2011.12.29"]
[Round "2.32"]
[White "Kjartansson, Gudmundur"]
[Black "Sugden, John N"]
[Result "1-0"]
[WhiteElo "2326"]
[BlackElo "2180"]
[PlyCount "109"]
[EventDate "2011.12.28"]

1. d4 Nf6 2. c4 e6 3. Nf3 c5 4. d5 exd5 5. cxd5 d6 6. Nc3 g6 7. h3 Bg7 8. e4
O-O 9. Bg5 h6 10. Be3 Re8 11. Bd3 b6 12. O-O Ba6 13. Re1 Bxd3 14. Qxd3 a6 15.
a4 Nbd7 16. Nd2 Ne5 17. Qf1 Qc7 18. f4 Ned7 19. Rac1 Rec8 20. Nc4 Ne8 21. Na3
b5 22. axb5 axb5 23. Qxb5 Rcb8 24. Qe2 Qa5 25. Nc4 Qb4 26. Nd1 Ndf6 27. Bd2 Qb5
28. Qd3 Qd7 29. Nc3 Nc7 30. Rcd1 Rb3 31. Ra1 Rab8 32. Ra7 R3b7 33. Rxb7 Rxb7
34. Bc1 Rb3 35. Rd1 Nfe8 36. e5 Nb5 37. Nd2 Rb4 38. e6 Qb7 39. exf7+ Kxf7 40.
Re1 Nd4 41. Nc4 Qd7 42. Ne4 Rb3 43. Qd1 Rb4 44. Nexd6+ Nxd6 45. Ne5+ Bxe5 46.
fxe5 Kg7 47. exd6 Qxd6 48. Qg4 Nf5 49. Qf3 Rd4 50. g4 Nh4 51. Qf2 Qf6 52. Bxh6+
Kf7 53. Qxf6+ Kxf6 54. Rf1+ Ke5 55. Bg5 1-0

[Event "Hastings Masters 2011-12"]
[Site "Hastings ENG"]
[Date "2011.12.29"]
[Round "2.33"]
[White "Franklin, Samuel G A"]
[Black "Krishna, C.R.G."]
[Result "1-0"]
[WhiteElo "2179"]
[BlackElo "2305"]
[PlyCount "83"]
[EventDate "2011.12.28"]

1. e4 e6 2. d4 d5 3. Nc3 Bb4 4. e5 c5 5. a3 Bxc3+ 6. bxc3 Ne7 7. Qg4 Qc7 8.
Qxg7 Rg8 9. Qxh7 cxd4 10. Ne2 Nbc6 11. f4 Bd7 12. Qd3 dxc3 13. Qxc3 Nf5 14. Rb1
O-O-O 15. Rg1 d4 16. Qd3 f6 17. g4 Nh4 18. exf6 e5 19. f7 Rg7 20. f5 Rxf7 21.
Bg5 Rh8 22. Rg3 Nxf5 23. gxf5 Bxf5 24. Qc4 Rxh2 25. Bg2 Rhh7 26. Rxb7 Qxb7 27.
Rb3 Bd7 28. Rxb7 Kxb7 29. Qb5+ Kc7 30. Bxc6 Rh1+ 31. Kd2 Bxc6 32. Qxe5+ Kb7 33.
Nxd4 Rhf1 34. Kc3 Bg2 35. Kb2 Ka8 36. Qe8+ Kb7 37. Be3 Rf8 38. Qe7+ Ka8 39. Nf3
Rb8+ 40. Ka2 Rb7 41. Qf8+ Rb8 42. Qg7 1-0

[Event "Hastings Masters 2011-12"]
[Site "Hastings ENG"]
[Date "2011.12.29"]
[Round "2.34"]
[White "Longson, Alexander"]
[Black "Karthikeyan, Murali"]
[Result "1/2-1/2"]
[WhiteElo "2281"]
[BlackElo "2154"]
[PlyCount "69"]
[EventDate "2011.12.28"]

1. e4 c5 2. Nf3 e6 3. b3 Nc6 4. Bb5 d5 5. exd5 exd5 6. O-O Nf6 7. d4 Be7 8. Ne5
Qb6 9. Bxc6+ bxc6 10. c3 O-O 11. Ba3 Re8 12. Re1 Ba6 13. Nd3 Bxd3 14. Qxd3 c4
15. Qc2 Bf8 16. Rf1 Bxa3 17. Nxa3 Qa6 18. Qc1 Ne4 19. bxc4 Qa5 20. Nb1 dxc4 21.
f3 Nd6 22. Nd2 Re2 23. Rf2 Rae8 24. Rxe2 Rxe2 25. Kf1 Re8 26. Kf2 Qh5 27. Nf1
c5 28. Qf4 Qd5 29. Ne3 Qb7 30. Re1 cxd4 31. Qxd4 Qc6 32. Rd1 Nb5 33. Qxc4 Qxc4
34. Nxc4 Nxc3 35. Rd2 1/2-1/2

[Event "Hastings Masters 2011-12"]
[Site "Hastings ENG"]
[Date "2011.12.29"]
[Round "2.35"]
[White "Burnett, Jim"]
[Black "Rudd, Jack"]
[Result "0-1"]
[WhiteElo "2137"]
[BlackElo "2290"]
[PlyCount "58"]
[EventDate "2011.12.28"]

1. d4 Nf6 2. c4 c5 3. Nf3 cxd4 4. Nxd4 e5 5. Nb5 d5 6. cxd5 a6 7. N5c3 Bc5 8.
e3 e4 9. Be2 O-O 10. a3 Qe7 11. b4 Bd6 12. Bb2 Bf5 13. Nd2 b5 14. Nb3 Nbd7 15.
Nd4 Bg6 16. Rc1 Ne5 17. O-O Rfd8 18. Qb3 Neg4 19. g3 Qd7 20. Rcd1 h5 21. Rd2 h4
22. Nd1 Ne5 23. Kg2 Nd3 24. Bc3 Nc1 25. Qb2 Nxe2 26. Rxe2 Bh5 27. Rd2 Bf3+ 28.
Nxf3 exf3+ 29. Kxf3 Qg4+ 0-1

[Event "Hastings Masters 2011-12"]
[Site "Hastings ENG"]
[Date "2011.12.29"]
[Round "2.36"]
[White "Prosviriakov, Vladimir"]
[Black "Helbig, Paul D"]
[Result "1/2-1/2"]
[WhiteElo "2274"]
[BlackElo "2128"]
[PlyCount "135"]
[EventDate "2011.12.28"]

1. e4 d6 2. d4 Nf6 3. Nc3 g6 4. g3 Bg7 5. Bg2 O-O 6. Nge2 e5 7. h3 c6 8. a4 Na6
9. O-O Nb4 10. a5 Re8 11. Be3 exd4 12. Bxd4 Bd7 13. g4 c5 14. Be3 Bc6 15. Ng3
Nd7 16. Qe2 b6 17. Rfd1 Qb8 18. axb6 axb6 19. Rxa8 Bxa8 20. Nb5 Bf8 21. c3 Nc6
22. f4 Na7 23. g5 Nxb5 24. Qxb5 Qb7 25. Rd2 Qc6 26. Qf1 Qc7 27. Kh2 Bc6 28. Bg1
b5 29. h4 Rb8 30. h5 b4 31. c4 Be7 32. Qd1 Ra8 33. Bh3 Nf8 34. Be3 Qb7 35. Qb1
Nd7 36. b3 Qa7 37. h6 Bf8 38. Qb2 Qa3 39. Qc2 Qa1 40. Qd3 Ra2 41. Rxa2 Qxa2+
42. Kg1 Qa1+ 43. Nf1 Qc3 44. Qxc3 bxc3 45. Kf2 f6 46. Be6+ Kh8 47. Bxd7 Bxd7
48. Ke2 fxg5 49. fxg5 Bc6 50. Kd3 Kg8 51. Ng3 Kf7 52. Kxc3 Ke6 53. Bf4 Be7 54.
Kd3 Bd8 55. Nf1 Bb7 56. Nd2 Ba5 57. Nf3 Bc6 58. Bc1 Bd8 59. Bb2 Bb7 60. Ke3 Kf7
61. Kf4 Ke6 62. Nh4 Kf7 63. e5 dxe5+ 64. Bxe5 Be7 65. Bc3 Bd6+ 66. Kg4 Be4 67.
Nf3 Bf5+ 68. Kh4 1/2-1/2

[Event "Hastings Masters 2011-12"]
[Site "Hastings ENG"]
[Date "2011.12.29"]
[Round "2.37"]
[White "Cafferty, Bernard"]
[Black "Furman, Boris"]
[Result "0-1"]
[WhiteElo "2127"]
[BlackElo "2280"]
[PlyCount "96"]
[EventDate "2011.12.28"]

1. c4 e6 2. Nf3 Nf6 3. b3 d5 4. Bb2 c5 5. e3 Nc6 6. Be2 d4 7. exd4 cxd4 8. d3
e5 9. O-O Bd6 10. Na3 O-O 11. Nc2 Nd7 12. a3 a5 13. Nd2 Nc5 14. Ne1 Bf5 15. Qc2
Qb6 16. Rb1 Bg6 17. f4 exf4 18. Bf3 Rfe8 19. Bxc6 Qxc6 20. Ndf3 Ne6 21. Kh1 h6
22. Nxd4 Nxd4 23. Bxd4 Bh5 24. Nf3 Bxa3 25. Qf2 Rad8 26. Ba1 Bxf3 27. Qxf3 Qxf3
28. Rxf3 Bc5 29. d4 Bxd4 30. Rxf4 Bxa1 31. Rxa1 Rd3 32. Rf5 Rxb3 33. Rfxa5 Re2
34. h3 Rbb2 35. Rg1 Rec2 36. c5 Kf8 37. Kh2 Ke7 38. Kg3 Ke6 39. Kf3 Rb3+ 40.
Kg4 Rc4+ 41. Kh5 Rbc3 42. Re1+ Kd7 43. Rd1+ Kc6 44. Rd6+ Kc7 45. Rd5 Rg3 46.
Ra8 Rxg2 47. Rf8 Kc6 48. Re5 f6 0-1

[Event "Hastings Masters 2011-12"]
[Site "Hastings ENG"]
[Date "2011.12.29"]
[Round "2.39"]
[White "Duff, Rufus"]
[Black "Sreeves, Clement"]
[Result "1-0"]
[WhiteElo "2088"]
[BlackElo "2247"]
[PlyCount "97"]
[EventDate "2011.12.28"]

1. e4 c5 2. Nf3 d6 3. d4 cxd4 4. Nxd4 Nf6 5. Nc3 g6 6. Be3 a6 7. f3 b5 8. Qd2
Bb7 9. O-O-O Nbd7 10. g4 h6 11. Bd3 b4 12. Nce2 e5 13. Nb3 a5 14. Kb1 Qc7 15.
h4 a4 16. Nbc1 d5 17. exd5 Nxd5 18. Bb5 a3 19. c4 bxc3 20. Nxc3 Nxc3+ 21. Qxc3
O-O-O 22. Rxd7 Rxd7 23. Bxd7+ Kxd7 24. Rd1+ Kc8 25. Bb6 Be4+ 26. fxe4 Qxc3 27.
bxc3 Be7 28. Nd3 Kd7 29. c4 Bxh4 30. c5 Ke6 31. Nb4 Be7 32. Nc6 h5 33. Nxe7
Kxe7 34. gxh5 gxh5 35. Kc2 h4 36. c6 Rh6 37. c7 Rc6+ 38. Kd2 h3 39. Rh1 Kd7 40.
Ba5 Rc5 41. Bc3 Kxc7 42. Rxh3 Kd7 43. Rh6 Rc8 44. Kd3 Re8 45. Ra6 Re6 46. Rxe6
Kxe6 47. Kc4 f5 48. exf5+ Kxf5 49. Kd5 1-0

[Event "Hastings Masters 2011-12"]
[Site "Hastings ENG"]
[Date "2011.12.29"]
[Round "2.40"]
[White "Haria, Ravi"]
[Black "Olsarova, Tereza"]
[Result "0-1"]
[WhiteElo "2045"]
[BlackElo "2232"]
[PlyCount "58"]
[EventDate "2011.12.28"]

1. e4 e5 2. Nf3 Nc6 3. Bb5 a6 4. Ba4 Nf6 5. O-O Nxe4 6. d4 b5 7. Bb3 d5 8. dxe5
Be6 9. Nbd2 Nc5 10. c3 Be7 11. Bc2 Bg4 12. Re1 Qd7 13. Nf1 Rd8 14. h3 Bh5 15.
Ng3 Bg6 16. b4 Ne6 17. a4 d4 18. axb5 axb5 19. Bxg6 hxg6 20. cxd4 Bxb4 21. Re4
Bc3 22. Rb1 Ncxd4 23. Ba3 c5 24. Nxd4 Bxd4 25. Qg4 b4 26. Bc1 O-O 27. Ne2 Qd5
28. Nxd4 Nxd4 29. Be3 Ne2+ 0-1